=LDR 00000nam 2200000 4500 =001 INLIS000000000042216 =005 20131008015012 =008 ***********************************00087572** =035 ##$$0010-101300000000138 =041 ##$$a 00087572 =090 ##$$a F. From D, Had t.3 =100 ##$$a Hadi, Wisran =245 ##$$a Tamu, Wisran Hadi =260 ##$$a 1996 $b Jakarta =300 ##$$a 182 hlm, 19 cm =850 ##$$a NBPNMAT